Brand Logo Quiz 101 - Statistics

General Stats
  • This quiz has been taken 97 times
    34 since last reset
  • The average score is 24 of 50
Answer Stats
Picture Answer % Correct
Red Bull
72%
T-Mobile
72%
Amazon
60%
Coca-Cola
60%
Dr Pepper
60%
Google
60%
KFC
60%
Lego
60%
Pepsi
60%
Shell
60%
Sprite
60%
Starbucks
60%
Taco Bell
60%
Adidas
56%
Burger King
56%
Facebook
56%
Fanta
56%
FedEx
56%
Lays
56%
McDonald’s
56%
Pizza Hut
56%
Spotify
56%
Tesla
56%
Walmart
56%
Wendy’s
56%
Doritos
52%
Firefox
52%
Gatorade
52%
Microsoft
52%
NBA
52%
Subway
52%
Target
52%
Mercedes
48%
Lipton
44%
MasterCard
44%
7-Eleven
40%
Mountain Dew
40%
Jet punk
36%
John deer
36%
Lacoste
36%
Best Buy
32%
Bic
32%
Chick-fil-A
32%
American Airlines
28%
Canada dry
28%
Crush
28%
Clorox
24%
Motorola
24%
Sunkist
20%
Life’s good
8%
No matching quizzes found
Score Distribution
Percent of People with Each Score
Percentile by Number Answered
Your Score History
You have not taken this quiz since the last reset